[Event "HUN-chT1 Maroczy 2122"]
[White "Csaki, Balazs"]
[Black "Hibjan, Tamas"]
[Site "Hungary"]
[Round "10.9"]
[Result "0-1"]
[Date "2022.03.20"]
[WhiteElo "1733"]
[BlackElo "2134"]
[PlyCount "72"]
[EventDate "2021.10.10"]
[EventType "team-tourn"]
[EventRounds "11"]
[EventCountry "HUN"]
[SourceTitle "EXT 2025"]
[Source "ChessBase"]
[SourceDate "2024.10.14"]
[SourceVersion "1"]
[SourceVersionDate "2024.10.14"]
[SourceQuality "1"]
[WhiteTeam "Hus"]
[BlackTeam "Nyiregyhaza VSC"]
[WhiteTeamCountry "HUN"]
[BlackTeamCountry "HUN"]

1. e4 c5 2. Nf3 d6 3. d4 cxd4 4. Nxd4 Nf6 5. Nc3 a6 6. a4 e6 7. Be2 Be7 8. Be3 0-0 9. Qd2 Qc7 10. 0-0 b6 11. f4 Bb7 12. Bf3 Nbd7 13. Rad1 Rfd8 14. Qf2 Nc5 15. e5 Nfe4 16. Nxe4 Nxe4 17. Bxe4 Bxe4 18. exd6 Rxd6 19. f5 e5 20. Nf3 Qxc2 21. Qxc2 Bxc2 22. Rc1 Bd3 23. Rf2 f6 24. g4 Be4 25. Nd2 Bd5 26. Nc4 Bxc4 27. Rxc4 b5 28. axb5 axb5 29. Rc7 Bf8 30. Rb7 Rd3 31. Re2 b4 32. Kf2 Rc8 33. Bd2 Rc4 34. g5 Bc5+ 35. Ke1 Rg4 36. Kd1 e4 0-1

[Event "HUN-chT1 Maroczy 2122"]
[White "Hibjan, Tamas"]
[Black "Pesztericz, Laszlo"]
[Site "Hungary"]
[Round "4.7"]
[Result "1-0"]
[Date "2021.11.21"]
[WhiteElo "2110"]
[BlackElo "2030"]
[PlyCount "61"]
[EventDate "2021.10.10"]
[EventType "team-tourn"]
[EventRounds "11"]
[EventCountry "HUN"]
[SourceTitle "EXT 2025"]
[Source "ChessBase"]
[SourceDate "2024.10.14"]
[SourceVersion "1"]
[SourceVersionDate "2024.10.14"]
[SourceQuality "1"]
[WhiteTeam "Nyiregyhaza VSC"]
[BlackTeam "Vasas"]
[WhiteTeamCountry "HUN"]
[BlackTeamCountry "HUN"]

1. e4 e5 2. Nf3 Nc6 3. Bb5 Nge7 4. 0-0 g6 5. c3 Bg7 6. d4 exd4 7. cxd4 d5 8. exd5 Nxd5 9. Re1+ Be6 10. Nc3 0-0 11. Bg5 Qd6 12. h3 a6 13. Ne4 Qb4 14. Bxc6 bxc6 15. Qd2 Rab8 16. b3 Qxd2 17. Bxd2 Nb4 18. Bxb4 Rxb4 19. Nc5 Bc8 20. a3 Rb5 21. Rac1 Rd8 22. Re7 Bf8 23. Rxc7 Bxc5 24. Rxc5 Rxb3 25. R5xc6 Bxh3 26. Rxa6 Be6 27. Raa7 Bd5 28. Ne5 Rb1+ 29. Kh2 Rd1 30. Nxf7 Bxf7 31. Rxf7 1-0

[Event "HUN-chT2 Barcza 1819"]
[White "Hibjan, Tamas"]
[Black "Demeter, Vilmos"]
[Site "Hungary"]
[Round "10.5"]
[Result "1-0"]
[Date "2019.03.31"]
[WhiteElo "2116"]
[BlackElo "1858"]
[PlyCount "139"]
[EventDate "2018.09.23"]
[EventType "team-tourn"]
[EventRounds "11"]
[EventCountry "HUN"]
[SourceTitle "EXT 2021"]
[Source "ChessBase"]
[SourceDate "2020.10.23"]
[SourceVersion "1"]
[SourceVersionDate "2020.10.23"]
[SourceQuality "1"]
[WhiteTeam "Nyiregyhaza SISE"]
[BlackTeam "Hajduszoboszlo"]
[WhiteTeamCountry "HUN"]
[BlackTeamCountry "HUN"]

1. e4 e5 2. Nf3 Nc6 3. Bb5 d6 4. d4 Bd7 5. Nc3 Nxd4 6. Nxd4 exd4 7. Bxd7+ Qxd7 8. Qxd4 Ne7 9. Be3 Nc6 10. Qd2 Ne5 11. Qe2 a6 12. Nd5 Be7 13. 0-0 0-0 14. f4 Nc6 15. Rad1 f6 16. Rf3 Rae8 17. Qc4 Kh8 18. Bd2 Bd8 19. Bc3 Qe6 20. Re1 Ne7 21. Qd3 Nxd5 22. exd5 Qf7 23. Rh3 Rxe1+ 24. Bxe1 f5 25. c4 Bf6 26. b3 Re8 27. Re3 Rxe3 28. Qxe3 Qe7 29. Qxe7 Bxe7 30. Ba5 b6 31. Bc3 a5 32. h3 Kg8 33. g4 h6 34. gxf5 Kf7 35. Kg2 Bf6 36. Be1 g6 37. fxg6+ Kxg6 38. Kf3 Kf5 39. Bf2 h5 40. Be1 Be7 41. Bc3 Bd8 42. Bg7 Bh4 43. Bc3 Bd8 44. Kg3 h4+ 45. Kf3 Be7 46. Bg7 Kg6 47. Bd4 Kf5 48. Bc3 Bf8 49. Bd4 Bh6 50. Bf2 Bxf4 51. Bxh4 Be5 52. Bd8 Bd4 53. Bxc7 Bc5 54. Bd8 Bd4 55. Bh4 Bc5 56. Be1 Ba3 57. Bf2 Bc5 58. Be3 Ke5 59. Bxc5 bxc5 60. Kg4 Kd4 61. h4 Kc3 62. h5 Kb2 63. h6 Kxa2 64. h7 Kxb3 65. h8Q Kxc4 66. Qa8 Kb4 67. Qb7+ Kc4 68. Qc6 a4 69. Qxd6 a3 70. Qa6+ 1-0

[Event "HUN-chT2 Barcza 1617"]
[White "Sos, Barnabas"]
[Black "Hibjan, Tamas"]
[Site "Hungary"]
[Round "3.5"]
[Result "1-0"]
[Date "2016.10.30"]
[WhiteElo "1969"]
[BlackElo "2160"]
[PlyCount "55"]
[EventDate "2016.09.25"]
[EventType "team-tourn"]
[EventRounds "11"]
[EventCountry "HUN"]
[SourceTitle "EXT 2021"]
[Source "ChessBase"]
[SourceDate "2020.10.23"]
[SourceVersion "1"]
[SourceVersionDate "2020.10.23"]
[SourceQuality "1"]
[WhiteTeam "Debrecen Sakkbaratok"]
[BlackTeam "Nyiregyhaza SISE"]
[WhiteTeamCountry "HUN"]
[BlackTeamCountry "HUN"]

1. e4 c5 2. d4 cxd4 3. c3 dxc3 4. Nxc3 Nc6 5. Bc4 d6 6. Nf3 a6 7. a3 e6 8. 0-0 Nf6 9. Ne1 Qc7 10. f4 Be7 11. Nf3 0-0 12. Qe2 Nd7 13. f5 Nde5 14. Ba2 Nxf3+ 15. Qxf3 Bd7 16. Qg3 Kh8 17. Bg5 Bxg5 18. Qxg5 f6 19. Qf4 Nd4 20. Qf2 e5 21. Rad1 Rac8 22. Rd3 Be8 23. Rh3 Bf7 24. Nd5 Qc5 25. Rxh7+ Kxh7 26. Qh4+ Bh5 27. Qxh5+ Kg8 28. Ne7# 1-0

[Event "HUN-chT2 Barcza 1516"]
[White "Kelemen, Imre"]
[Black "Hibjan, Tamas"]
[Site "Hungary"]
[Round "7.2"]
[Result "1/2-1/2"]
[Date "2016.02.14"]
[WhiteElo "2106"]
[BlackElo "2152"]
[PlyCount "85"]
[EventDate "2015.09.13"]
[EventType "team-tourn"]
[EventRounds "11"]
[EventCountry "HUN"]
[SourceTitle "EXT 2017"]
[Source "ChessBase"]
[SourceDate "2016.10.25"]
[SourceVersion "1"]
[SourceVersionDate "2016.10.25"]
[SourceQuality "1"]
[WhiteTeam "Debrecen Sakkbaratok"]
[BlackTeam "Nyiregyhaza"]
[WhiteTeamCountry "HUN"]
[BlackTeamCountry "HUN"]

1. e4 c5 2. Nf3 d6 3. d4 cxd4 4. c3 dxc3 5. Nxc3 Nc6 6. Bc4 e6 7. 0-0 Be7 8. Qe2 a6 9. Rd1 Qc7 10. Bf4 Ne5 11. Bxe5 dxe5 12. Rac1 Bd7 13. Bb5 Bc6 14. Bxc6+ bxc6 15. Qc4 Nf6 16. Nxe5 0-0 17. Nxc6 Bd6 18. Rxd6 Qxd6 19. e5 Qd2 20. Rd1 Qh6 21. exf6 Qxf6 22. Qd4 e5 23. Qd6 Rae8 24. Qxf6 gxf6 25. Nd5 Kg7 26. Nc7 Rc8 27. Rd7 Kh6 28. b4 Rg8 29. f3 e4 30. fxe4 Rg4 31. Re7 f5 32. Nd4 fxe4 33. Kf2 e3+ 34. Kxe3 Rxg2 35. Nf5+ Kg5 36. Nd6 Rb8 37. Nxf7+ Kg6 38. Ne5+ Kf5 39. Nxa6 Rb6 40. Nf3 Rxa2 41. b5 Ra3+ 42. Kf2 Kf6 43. Rxh7 1/2-1/2

[Event "HUN-chT2 Barcza 1415"]
[White "Kalmar, Agoston"]
[Black "Hibjan, Tamas"]
[Site "Hungary"]
[Round "?"]
[Result "0-1"]
[Date "2014.11.30"]
[WhiteElo "1982"]
[BlackElo "2173"]
[PlyCount "136"]
[EventDate "2014.09.07"]
[EventType "team-tourn"]
[EventRounds "11"]
[EventCountry "HUN"]
[SourceTitle "EXT 2016"]
[Source "ChessBase"]
[SourceDate "2015.10.08"]
[SourceVersion "1"]
[SourceVersionDate "2015.10.08"]
[SourceQuality "1"]
[WhiteTeam "Piremon"]
[BlackTeam "Nyiregyhaza"]
[WhiteTeamCountry "HUN"]
[BlackTeamCountry "HUN"]

1. d4 Nf6 2. Nf3 g6 3. g3 Bg7 4. Bg2 d5 5. 0-0 0-0 6. b3 Re8 7. Bb2 c6 8. c4 Qb6 9. Nbd2 a5 10. c5 Qc7 11. Ne5 Nfd7 12. f4 f6 13. Nxd7 Nxd7 14. e4 e6 15. e5 b6 16. cxb6 Qxb6 17. Kh1 Ba6 18. Re1 f5 19. Nf3 Bf8 20. Qd2 h6 21. Bc3 Bb4 22. Bf1 Bxf1 23. Rxf1 c5 24. Rac1 Rec8 25. Bxb4 axb4 26. dxc5 Nxc5 27. Rc2 Ne4 28. Qc1 Qa6 29. Re1 Nf2+ 30. Rxf2 Rxc1 31. Rxc1 Rc8 32. Rd1 Rc3 33. Kg2 Kf7 34. Rd4 Qb5 35. Rdd2 Qa6 36. Rd4 Qb6 37. Rdd2 Qc5 38. Rfe2 Ke7 39. Rf2 Qe3 40. Rde2 Qb6 41. Rd2 Kd7 42. Rfe2 Rc1 43. Rf2 Rc3 44. Rfe2 Re3 45. Rf2 Qd8 46. h4 Qc8 47. Rf1 Rc3 48. Rff2 Qc6 49. Rd4 Rc2 50. Rdd2 Rxd2 51. Rxd2 Qc3 52. Kf2 Kc6 53. Nd4+ Kb6 54. Nf3 Qc1 55. Kg2 Kc5 56. Kf2 Qb1 57. Nd4 Qh1 58. Nxe6+ Kb6 59. Nd4 Qh2+ 60. Ke3 Qxg3+ 61. Nf3 g5 62. hxg5 hxg5 63. fxg5 f4+ 64. Ke2 Qg2+ 65. Ke1 Qxf3 66. Re2 Qg3+ 67. Kf1 Qxg5 68. e6 f3 0-1

[Event "HUN-chT2 Barcza 1314"]
[White "Hibjan, Tamas"]
[Black "Papp, Tamas1"]
[Site "Hungary"]
[Round "7"]
[Result "0-1"]
[Date "2014.02.16"]
[WhiteElo "2205"]
[BlackElo "2097"]
[PlyCount "48"]
[EventDate "2013.09.08"]
[EventType "team-tourn"]
[EventRounds "11"]
[EventCountry "HUN"]
[SourceTitle "EXT 2016"]
[Source "ChessBase"]
[SourceDate "2015.10.08"]
[SourceVersion "1"]
[SourceVersionDate "2015.10.08"]
[SourceQuality "1"]
[WhiteTeam "Nyiregyhaza SISE"]
[BlackTeam "Miskolc KisBocsok"]
[WhiteTeamCountry "HUN"]
[BlackTeamCountry "HUN"]

1. e4 c5 2. Nf3 e6 3. d4 cxd4 4. Nxd4 a6 5. Bd3 Nf6 6. 0-0 Qc7 7. c4 Nc6 8. Nxc6 dxc6 9. Nc3 e5 10. Kh1 Bc5 11. h3 h5 12. Qe2 Be6 13. Be3 Qe7 14. Na4 Nd7 15. Nxc5 Nxc5 16. Bc2 g5 17. Kg1 Nd7 18. Qd2 Rg8 19. b3 0-0-0 20. Bd1 g4 21. hxg4 hxg4 22. g3 f5 23. Bc2 f4 24. gxf4 Qh4 0-1